Представление документа в формате MARC21

ПолеНазваниеЗначение
  Тип записи a
  Библиографический уровень m
001 Контрольный номер BIBLIOCLUB\0000565041
005 Дата корректировки 20260430154822.9
006 m o d
007 Элементы данных для физической характеристики c|||||||||||||
008 Кодируемые данные s2019 rus o rus d
020 Индекс ISBN __
a ISBN 978-5-9729-0299-6
041 Код языка издания 0_
a Код языка текста rus
084 Индекс другой классификации/Индекс ББК __
a Индекс другой классификации/Индекс ББК 38.2я73
b Номер единицы LBC/PL
2 Источник индекса rubbk
084 Индекс другой классификации/Индекс ББК __
a Индекс другой классификации/Индекс ББК 774.48я73
b Номер единицы LBC/PL
2 Источник индекса rubbk
245 Заглавие 10
a Заглавие Учебное архитектурно-строительное проектирование: практико-ориентированный подход
b Продолж. заглавия методическое пособие
c Ответственность В. С. Грызлов, В. Н. Ворожбянов, Ю. Б. Гендлина, О. А. Залипаева, А. Г. Каптюшина
c Ответственность под ред. В. С. Грызлов
c Ответственность Череповецкий государственный университет
c Ответственность Инженерно-технический институт
250 Сведения об издании __
a Основные сведения об издании 2-е изд., пересм.
260 Выходные данные __
a Место издания Москва, Вологда
b Издательство Инфра-Инженерия
c Дата издания 2019
300 Физическое описание __
a Объем 137 с.
b Иллюстрации/ тип воспроизводства ил., табл., схем.
504 Библиография __
a Библиография Библиогр.: с. 125.
653 Ключевые слова 1_
a Ключевые слова Учебник для высшей школы
700 Другие авторы _1
a Другие авторы Ворожбянов В. Н.
700 Другие авторы _1
a Другие авторы Гендлина Ю. Б.
700 Другие авторы _1
a Другие авторы Грызлов В. С.
700 Другие авторы _1
a Другие авторы Залипаева О. А.
700 Другие авторы _1
a Другие авторы Каптюшина А. Г.
702 _1
a Грызлов
b В. С.
4 340
856 Электронный адрес документа 40
3 Область применения данных поля Университетская библиотека ONLINE
u URL https://biblioclub.ru/index.php?page=book&id=565041
900 Электронные ресурсы __
a Имя электронного ресурса https://img.biblioclub.ru/sm_cover/af6174341ffdedd5d9a60e9c85fa88180khe3o165s/cover.jpg